[Event "Oceania zt"]
[Site "Cammeray"]
[Date "2015.07.07"]
[Round "5"]
[White "Wan, Dennis"]
[Black "Bennett, Hilton Petrie"]
[Result "1/2-1/2"]
[WhiteElo "1799"]
[BlackElo "1956"]
[PlyCount "92"]
[EventDate "2015.07.04"]
[EventType "swiss"]
[EventRounds "9"]
[EventCountry "AUS"]
[SourceTitle "CBM 167 Extra"]
[Source "ChessBase"]
[SourceDate "2015.09.14"]
[SourceVersion "1"]
[SourceVersionDate "2015.09.14"]
[SourceQuality "1"]

1. d4 Nf6 2. c4 g6 3. Nc3 Bg7 4. e4 d6 5. h3 0-0 6. Bg5 h6 7. Be3 Na6 8. g4 Nd7 9. Qd2 Kh7 10. Be2 c5 11. d5 Nc7 12. h4 Ne5 13. Qd1 e6 14. f4 exd5 15. cxd5 Nd7 16. g5 Qe7 17. Bf3 h5 18. Nge2 b5 19. Ng3 Nb6 20. Rb1 b4 21. Nce2 Ncxd5 22. Bc1 Nc7 23. f5 gxf5 24. exf5 Be5 25. 0-0 d5 26. Bxh5 Ba6 27. f6 Qd7 28. Bf4 Rae8 29. Qc2+ Kh8 30. Bxe5 Rxe5 31. g6 fxg6 32. Qxg6 Qh7 33. Nf4 Bxf1 34. Rxf1 Nd7 35. Qg4 Rxf6 36. Ng6+ Rxg6 37. Bxg6 Qe7 38. Nf5 Nf6 39. Qg5 Qf8 40. Qf4 Re4 41. Qxc7 Rg4+ 42. Kh1 Rxg6 43. Qe5 Kh7 44. Qc7+ Kh8 45. Qe5 d4 46. Rg1 Qf7 1/2-1/2

[Event "Oceania zt"]
[Site "Cammeray"]
[Date "2015.07.05"]
[Round "3"]
[White "Wan, Dennis"]
[Black "Sandrasegaran, Aran"]
[Result "1-0"]
[WhiteElo "1799"]
[BlackElo "1544"]
[PlyCount "65"]
[EventDate "2015.07.04"]
[EventType "swiss"]
[EventRounds "9"]
[EventCountry "AUS"]
[SourceTitle "CBM 167 Extra"]
[Source "ChessBase"]
[SourceDate "2015.09.14"]
[SourceVersion "1"]
[SourceVersionDate "2015.09.14"]
[SourceQuality "1"]

1. d4 d5 2. c4 e5 3. dxe5 d4 4. a3 Nc6 5. Nf3 Nge7 6. Bf4 Ng6 7. Bg3 Be6 8. Nbd2 Qd7 9. Qa4 h5 10. h4 Be7 11. Rd1 Bf5 12. Nb3 Ncxe5 13. Qxd7+ Nxd7 14. Nbxd4 Bg4 15. Nd2 c5 16. Nb5 0-0 17. f3 Be6 18. Nc7 Rad8 19. Nxe6 fxe6 20. e3 Bf6 21. Ne4 Bxb2 22. Bc7 Rc8 23. Rxd7 Bxa3 24. Bd3 Bb4+ 25. Ke2 Rfe8 26. Nf6+ gxf6 27. Bxg6 Rf8 28. Rh3 Rxc7 29. Rxc7 Rd8 30. Bd3 a5 31. Rxb7 Ra8 32. Rg3+ Kf8 33. Bh7 1-0

[Event "Hong Kong op"]
[Site "Hong Kong"]
[Date "2014.10.03"]
[Round "5"]
[White "Mahajan, Ritesh"]
[Black "Wan, Dennis"]
[Result "1-0"]
[WhiteElo "1631"]
[BlackElo "1839"]
[PlyCount "57"]
[EventDate "2014.10.01"]
[EventType "swiss"]
[EventRounds "9"]
[EventCountry "HKG"]
[SourceTitle "CBM 162 Extra"]
[Source "ChessBase"]
[SourceDate "2014.10.17"]
[SourceVersion "1"]
[SourceVersionDate "2014.10.17"]
[SourceQuality "1"]

1. d4 d5 2. e3 Nf6 3. Bd3 e5 4. dxe5 Ng4 5. Nf3 Nc6 6. Bb5 Bc5 7. 0-0 0-0 8. Bxc6 bxc6 9. h3 Nh6 10. b3 g5 11. e4 f6 12. Nc3 Bb4 13. Qd4 Bxc3 14. Qxc3 dxe4 15. Qxc6 Bxh3 16. Nxg5 fxg5 17. Qxh6 Bf5 18. Bxg5 Qe8 19. Bf6 Qg6 20. Qxg6+ Bxg6 21. Rad1 Rf7 22. Rd4 e3 23. fxe3 Bxc2 24. e6 Rxf6 25. Rxf6 Bg6 26. Rd7 c5 27. e7 Re8 28. Rd8 Kg7 29. Rxg6+ 1-0

[Event "Sydney op-A"]
[Site "Parramatta"]
[Date "2013.04.05"]
[Round "6"]
[White "Wan, Dennis"]
[Black "Nakauchi, Gene"]
[Result "0-1"]
[WhiteElo "1798"]
[BlackElo "2221"]
[PlyCount "136"]
[EventDate "2013.04.03"]
[EventType "swiss"]
[EventRounds "9"]
[EventCountry "AUS"]
[SourceTitle "EXT 2023"]
[Source "ChessBase"]
[SourceDate "2022.10.05"]
[SourceVersion "1"]
[SourceVersionDate "2022.10.05"]
[SourceQuality "1"]

1. d4 Nf6 2. c4 c5 3. d5 e6 4. Nc3 exd5 5. Nxd5 Nxd5 6. Qxd5 Nc6 7. Nf3 Be7 8. a3 d6 9. e3 Be6 10. Qd1 0-0 11. Be2 Na5 12. b3 d5 13. Nd2 Bf6 14. Ra2 dxc4 15. bxc4 b5 16. 0-0 bxc4 17. Rc2 c3 18. Ne4 Bf5 19. Bd3 Bxe4 20. Bxe4 Qxd1 21. Rxd1 Rad8 22. Bd5 Nb3 23. e4 Nd4 24. Ra2 Rb8 25. f4 c2 26. Re1 Bh4 27. g3 Nf3+ 28. Kf2 Nxe1 29. Kxe1 Bf6 30. e5 Rfd8 31. Bf3 Rb3 32. Be2 Be7 33. Rxc2 Rb6 34. Bc4 h5 35. f5 Rd4 36. e6 Re4+ 37. Kf2 fxe6 38. fxe6 Kf8 39. Rc3 Rexe6 40. Bxe6 Rxe6 41. Be3 Kf7 42. Kf3 Ra6 43. h4 Ra5 44. Ke4 Ke6 45. Kd3 Kd5 46. Kc2 Bf6 47. Rd3+ Bd4 48. Bc1 Ke4 49. Rb3 Ra6 50. Rb7 Kf3 51. Rb3+ Kg4 52. Rd3 Re6 53. Kd1 Be5 54. Re3 Rd6+ 55. Ke2 Bxg3 56. Re7 g6 57. Rxa7 Re6+ 58. Kd3 Bxh4 59. a4 Bg3 60. a5 h4 61. Be3 c4+ 62. Kxc4 Rxe3 63. Rg7 h3 64. Rxg6+ Kf3 65. a6 Ra3 66. Kb5 h2 67. Rh6 Kg2 68. Kb6 h1Q 0-1

[Event "AUS-ch Minor"]
[Site "Cammeray"]
[Date "2011.01.12"]
[Round "10"]
[White "Wan, Dennis"]
[Black "Parker, Trent"]
[Result "1-0"]
[WhiteElo "1544"]
[BlackElo "1506"]
[PlyCount "45"]
[EventDate "2011.01.02"]
[EventType "swiss"]
[EventRounds "11"]
[EventCountry "AUS"]
[SourceTitle "EXT 2012"]
[Source "ChessBase"]
[SourceDate "2011.11.24"]
[SourceVersion "1"]
[SourceVersionDate "2011.11.24"]
[SourceQuality "1"]

1. d4 Nf6 2. Nf3 d5 3. c4 e6 4. g3 Bb4+ 5. Bd2 Be7 6. Bg2 Nc6 7. cxd5 exd5 8. Nc3 Be6 9. 0-0 0-0 10. a3 Qd7 11. Bg5 h6 12. Bxf6 Bxf6 13. b4 a6 14. Rc1 Ne7 15. e4 dxe4 16. Nxe4 Nd5 17. Nxf6+ Nxf6 18. Ne5 Qc8 19. Nc4 Rd8 20. Nb6 Qb8 21. Nxa8 Qxa8 22. Rxc7 Qa7 23. Rxb7 1-0

[Event "AUS-ch Minor"]
[Site "Cammeray"]
[Date "2011.01.11"]
[Round "9"]
[White "Alkin, John"]
[Black "Wan, Dennis"]
[Result "0-1"]
[WhiteElo "1590"]
[BlackElo "1544"]
[PlyCount "96"]
[EventDate "2011.01.02"]
[EventType "swiss"]
[EventRounds "11"]
[EventCountry "AUS"]
[SourceTitle "EXT 2012"]
[Source "ChessBase"]
[SourceDate "2011.11.24"]
[SourceVersion "1"]
[SourceVersionDate "2011.11.24"]
[SourceQuality "1"]

1. d4 Nf6 2. c4 c5 3. d5 b5 4. Nf3 Qa5+ 5. Bd2 b4 6. Qc2 d6 7. e3 g6 8. Bd3 Bg7 9. 0-0 0-0 10. Be1 Nbd7 11. Nbd2 Bb7 12. Nb3 Qc7 13. h3 a5 14. Rd1 a4 15. Nc1 a3 16. b3 e6 17. e4 exd5 18. exd5 Rfe8 19. Bd2 Ne5 20. Nxe5 dxe5 21. f3 Nh5 22. Ne2 f5 23. Be1 Re7 24. Bxf5 Qd6 25. Be4 Rf8 26. g3 Bc8 27. Kg2 Bf5 28. Bd2 Ref7 29. g4 Bxe4 30. fxe4 Nf4+ 31. Nxf4 exf4 32. Kf3 g5 33. Rfe1 Be5 34. Re2 h5 35. Rh1 Rh7 36. Reh2 Kf7 37. Be1 Bd4 38. e5 Qg6 39. e6+ Kf6 40. Qxg6+ Kxg6 41. Bf2 Bxf2 42. gxh5+ Kf6 43. Rxf2 Rxh5 44. Ke4 Rfh8 45. Rf3 R5h7 46. Rd1 Rxh3 47. Rxh3 Rxh3 48. d6 Kxe6 0-1

[Event "AUS-ch Minor"]
[Site "Cammeray"]
[Date "2011.01.07"]
[Round "6"]
[White "Wan, Dennis"]
[Black "Low, Frank"]
[Result "1-0"]
[WhiteElo "1544"]
[BlackElo "1592"]
[PlyCount "103"]
[EventDate "2011.01.02"]
[EventType "swiss"]
[EventRounds "11"]
[EventCountry "AUS"]
[SourceTitle "EXT 2012"]
[Source "ChessBase"]
[SourceDate "2011.11.24"]
[SourceVersion "1"]
[SourceVersionDate "2011.11.24"]
[SourceQuality "1"]

1. Nf3 Nf6 2. d4 d5 3. c4 e6 4. g3 c5 5. cxd5 exd5 6. Bg2 Nc6 7. 0-0 cxd4 8. Nxd4 Bc5 9. e3 Bg4 10. Qa4 Qb6 11. Nxc6 bxc6 12. Bxd5 Nxd5 13. Qxg4 0-0 14. b3 Be7 15. Na3 Nf6 16. Qf3 Rfd8 17. Nc4 Qc7 18. Bb2 Rd7 19. Be5 Qd8 20. Rad1 Nd5 21. Qg4 Bf6 22. e4 h5 23. Qxh5 Bxe5 24. Nxe5 Nf6 25. Rxd7 Qxd7 26. Nxd7 Nxh5 27. f4 Rd8 28. Nc5 Nf6 29. h3 Rd2 30. Rf2 Rd1+ 31. Kg2 Rc1 32. b4 a5 33. a3 axb4 34. axb4 Rc4 35. e5 Nd5 36. Nd3 Rd4 37. Rf3 Rc4 38. Kf2 Kf8 39. g4 Nxb4 40. Nxb4 Rxb4 41. f5 Ke7 42. f6+ Kf8 43. g5 c5 44. Rc3 c4 45. Ke3 Rb3 46. Kd4 Rxc3 47. Kxc3 g6 48. Kxc4 Ke8 49. Kc5 Kd7 50. Kd5 Kd8 51. Kd6 Ke8 52. Kc7 1-0

[Event "AUS-ch Minor"]
[Site "Cammeray"]
[Date "2011.01.05"]
[Round "4"]
[White "Wan, Dennis"]
[Black "Stokes, Mark"]
[Result "1-0"]
[WhiteElo "1544"]
[BlackElo "1532"]
[PlyCount "81"]
[EventDate "2011.01.02"]
[EventType "swiss"]
[EventRounds "11"]
[EventCountry "AUS"]
[SourceTitle "EXT 2012"]
[Source "ChessBase"]
[SourceDate "2011.11.24"]
[SourceVersion "1"]
[SourceVersionDate "2011.11.24"]
[SourceQuality "1"]

1. Nf3 c5 2. c4 d6 3. g3 Bf5 4. Bg2 Qd7 5. d4 Bh3 6. Bxh3 Qxh3 7. dxc5 dxc5 8. Qd5 Qc8 9. Ne5 e6 10. Qf3 Nf6 11. Bg5 Be7 12. Nc3 h6 13. Bxf6 Bxf6 14. Ng4 Be7 15. Ne5 0-0 16. 0-0 Bf6 17. Ng4 Bd4 18. Nb5 f5 19. Ne3 Bxb2 20. Rab1 Be5 21. Rfd1 f4 22. Nd5 Nc6 23. Nxf4 g5 24. Qg4 Bxf4 25. gxf4 Rxf4 26. Qh5 Kh7 27. Nd6 Qf8 28. Rxb7+ Ne7 29. Qh3 g4 30. Qe3 Rf6 31. Ne4 Rf7 32. Rdd7 Re8 33. Nd6 Rg7 34. Nxe8 Qxe8 35. Qxe6 g3 36. hxg3 Qc8 37. Qe4+ Kh8 38. Rxe7 Qd8 39. Re8+ Qxe8 40. Qxe8+ Kh7 41. Qe4+ 1-0

[Event "Sydney op-B"]
[Site "Parramatta"]
[Date "2010.04.09"]
[Round "6"]
[White "Wan, Dennis"]
[Black "Dale, Ari"]
[Result "1-0"]
[WhiteElo "1840"]
[BlackElo "1388"]
[PlyCount "59"]
[EventDate "2010.04.07"]
[EventType "swiss"]
[EventRounds "9"]
[EventCountry "AUS"]
[SourceTitle "EXT 2012"]
[Source "ChessBase"]
[SourceDate "2011.11.24"]
[SourceVersion "1"]
[SourceVersionDate "2011.11.24"]
[SourceQuality "1"]

1. d4 Nf6 2. Nc3 g6 3. e4 d6 4. h3 Bg7 5. Bf4 0-0 6. Qd2 Re8 7. Bh6 Bh8 8. 0-0-0 c6 9. g4 b5 10. g5 Nfd7 11. h4 Nf8 12. Bxf8 Rxf8 13. h5 gxh5 14. Be2 a5 15. Rxh5 Re8 16. Nf3 Nd7 17. Rdh1 Nf8 18. g6 fxg6 19. Rxh7 Nxh7 20. Qh6 Bg7 21. Qxh7+ Kf8 22. Qxg6 e6 23. e5 Qe7 24. Ng5 dxe5 25. dxe5 Qb7 26. Nh7+ Ke7 27. Qxg7+ Kd8 28. Rd1+ Bd7 29. Nf8 Re7 30. Qf6 1-0

[Event "AUS-ch Major"]
[Site "Cammeray"]
[Date "2010.01.09"]
[Round "7"]
[White "Thiyagarajah, Anand"]
[Black "Wan, Dennis"]
[Result "1-0"]
[WhiteElo "1873"]
[BlackElo "1478"]
[PlyCount "61"]
[EventDate "2010.01.02"]
[EventType "swiss"]
[EventRounds "11"]
[EventCountry "AUS"]
[SourceTitle "EXT 2011"]
[Source "ChessBase"]
[SourceDate "2010.11.26"]
[SourceVersion "1"]
[SourceVersionDate "2010.11.26"]
[SourceQuality "1"]

1. e4 c5 2. f4 d6 3. Bb5+ Bd7 4. Bxd7+ Qxd7 5. Nc3 Nf6 6. Nf3 Nc6 7. 0-0 e5 8. d3 h6 9. Nd5 0-0-0 10. fxe5 Nxd5 11. exd5 Nxe5 12. d4 Nxf3+ 13. Rxf3 g5 14. Bd2 f5 15. c4 Re8 16. Bc3 Bg7 17. b4 Re4 18. bxc5 g4 19. c6 bxc6 20. dxc6 Qxc6 21. Rxf5 Qxc4 22. Rc1 Kd7 23. Ba1 Qxa2 24. Rf2 Qd5 25. Qa4+ Ke6 26. Qxa7 Bf6 27. Rcf1 Rf8 28. Qh7 Bxd4 29. Bxd4 Qxd4 30. Qxh6+ Ke7 31. Qxf8+ 1-0

[Event "AUS-ch Major"]
[Site "Cammeray"]
[Date "2010.01.08"]
[Round "6"]
[White "Wan, Dennis"]
[Black "Selnes, Hamish"]
[Result "1/2-1/2"]
[WhiteElo "1478"]
[BlackElo "1726"]
[PlyCount "99"]
[EventDate "2010.01.02"]
[EventType "swiss"]
[EventRounds "11"]
[EventCountry "AUS"]
[SourceTitle "EXT 2011"]
[Source "ChessBase"]
[SourceDate "2010.11.26"]
[SourceVersion "1"]
[SourceVersionDate "2010.11.26"]
[SourceQuality "1"]

1. d4 e6 2. c4 f5 3. Nf3 Nf6 4. g3 d5 5. Bg2 c6 6. 0-0 Bd6 7. c5 Bc7 8. Bg5 0-0 9. Ne5 Qe8 10. Bxf6 Rxf6 11. f4 Nd7 12. Nd2 Nxe5 13. dxe5 Rf8 14. Nf3 b6 15. b4 Ba6 16. Nd4 Bc4 17. a3 bxc5 18. bxc5 Qe7 19. Kh1 Rfe8 20. Nxc6 Qxc5 21. Nb4 Ba5 22. Nd3 Qe7 23. Qa4 Bb6 24. Rfc1 Rec8 25. Bf3 Rab8 26. Rab1 Be3 27. Rxb8 Rxb8 28. Rc3 Rb1+ 29. Kg2 Bd4 30. Rxc4 dxc4 31. Qxc4 Be3 32. g4 g6 33. gxf5 gxf5 34. Qc8+ Kg7 35. Kh3 Rg1 36. a4 Qf7 37. Qb7 Qxb7 38. Bxb7 Ra1 39. Bc6 Ra2 40. Kg2 Kf7 41. Kf3 Bb6 42. h3 Ra1 43. Bd7 Ke7 44. Bb5 Rg1 45. e4 fxe4+ 46. Kxe4 Rh1 47. f5 exf5+ 48. Kxf5 Rxh3 49. Nf4 Rf3 50. Ke4 1/2-1/2